000 01125pam a22003374a 4500
001 4894271
005 20170105102939.0
008 021001s2004 enkb b 001 0 eng
010 _a 2002035057
020 _a071465275X (cloth)
035 _a(OCoLC)ocm50737105
035 _a(NNC)4894271
040 _aDLC
_cDLC
_dYDX
042 _apcc
043 _aa-is---
_ama-----
050 0 0 _aDS126.9
_b.T285 2004
082 0 0 _a956.042
_221
_bTAL 2004
100 1 _aTal, David
_c(Historian)
245 1 0 _aWar in Palestine, 1948 :
_bstrategy and diplomacy /
_cDavid Tal.
260 _aLondon ;
_aNew York :
_bRoutledge,
_c2004.
300 _aviii, 498 p. :
_bmaps ;
_c25 cm.
490 1 _aCass series--Israeli history, politics, and society
504 _aIncludes bibliographical references (p. [477]-483) and index.
650 0 _aIsrael-Arab War, 1948-1949.
650 0 _aIsrael-Arab War, 1948-1949
_xArmistices.
650 0 _aIsrael-Arab War, 1948-1949
_xDiplomatic history.
830 0 _aCass series--Israeli history, politics, and society.
942 _2ddc
_cBK
948 2 _a20070215
_ba
_crad1
_dMPS
999 _c16423
_d16423